| 000 | 00656nam a2200133Ia 4500 | ||
|---|---|---|---|
| 008 | 220620s9999||||xx |||||||||||||| ||und|| | ||
| 020 | _a9782890000000 | ||
| 245 | 0 | _aHow Children Learn from Parents and Parenting Others in Formal and Informal Settings: International and Cultural Perspectives | |
| 546 | _aEnglish[eng] | ||
| 650 | _aParental Involvement||Parent-Child Learning Interaction||Cognitive Development | ||
| 700 | _aRenee Harris, Yvette||Longobardi, Claudio | ||
| 856 | _uhttps://www.frontiersin.org/research-topics/8514/how-children-learn-from-parents-and-parenting-others-in-formal-and-informal-settings-international-a#overview | ||
| 942 | _cEB | ||
| 999 |
_c32394 _d32394 |
||